000 00517nam a22001817a 4500
005 20251108165844.0
008 250721s1983 xx 000 0 ara d
082 1 4 _a612.64/أوب
100 1 _aأوبنهام، ستيفن ب
245 1 0 _aمقدمة التكوين الجنيني /
264 1 _aبوسطن :
_c1983.
650 1 7 _aعلم الأجنة
650 1 7 _aالحمل
650 1 7 _aفسيولوجيا الأجنة
700 1 _aلطفي، رمسيس
_eترجمة
942 _2ddc
_cBK
999 _c33063
_d33063